01869nam a2200373 a 4500001001200000003000800012006001900020007001500039008004100054010001700095020004100112020003800153020002700191040002100218035002100239050002800260082001700288100002400305245011100329260003600440300002400476490007900500504006600579505028900645533015200934600007201086600005801158650002001216655002901236710001701265830006801282856012601350999001901476ebr10516888CaPaEBRm u cr cn|||||||||091123s2010 nyua sb 001 0deng d z 2009048246 z9781433108761 (hardcover alk. paper) z1433108763 (hardcover alk. paper) z9781453900284 (e-book) aCaPaEBRcCaPaEBR a(OCoLC)77428733514aPG3458.Z9bL3537 2010eb04a891.72/32221 aLapushin, Radislav.10a"Dew on the grass"h[electronic resource] :bthe poetics of inbetweenness in Chekhov /cRadislav Lapushin. aNew York :bPeter Lang,cc2010. axiv, 210 p. :bill.1 aMiddlebury studies in Russian language and literature,x0888-8752 ;vv. 32 aIncludes bibliographical references (p. [191]-203) and index.0 apt. 1. The concept of inbetweenness and the poetry of Chekhov's prose -- pt. 2. Amidst the shades of meaning : the immediate textual context -- pt. 3. Amidst the shades of meaning : the context of the entire work -- pt. 4. Between the "ocean" and the "sky" : Chekhov's spatial rhymes. aElectronic reproduction.bPalo Alto, Calif. :cebrary,d2013.nAvailable via World Wide Web.nAccess may be limited to ebrary affiliated libraries.10aChekhov, Anton Pavlovich,d1860-1904xCriticism and interpretation.10aChekhov, Anton Pavlovich,d1860-1904xLiterary style. 0aIntermediality. 7aElectronic books.2local2 aebrary, Inc. 0aMiddlebury studies in Russian language and literature ;vv. 32.40uhttp://site.ebrary.com/lib/rucke/Doc?id=10516888zAn electronic book accessible through the World Wide Web; click to view c224448d224448